00000000nam 2200000za 4500
0019.674497
003CaOODSP
00520250124103641
007cr |||||||||||
008150407|2004||||xxc|||||o    f|0| 0 eng d
040 |aCaOODSP|beng
041 |aeng
041 |afre
043 |an-cn---
0861 |aT52-4/4-2004-PDF
1101 |aCanada.|bTransport Canada. |bCivil Aviation.
24510|aAviation Occupational Health and Safety on board aircraft |h[electronic resource]
250 |a[2004 edition].
260 |aOttawa - Ontario : |bTransport Canada. |c2004.
300 |a2p.|bphotographs
500 |aFrench text follows English text. Incorrect ISBN printed in this publication.
590 |a06-23|b2006-06-09
69007|aAviation industry|2gcpds
7760#|tAviation - santé et sécurité au travail à bord des aéronefs |w(CaOODSP)9.665292
792 |tAviation - santé et sécurité au travail à bord des aéronefs |efre|w(CaOODSP)9.674498
794 |tAviation Occupational Health and Safety on board aircraft.|b[2024 edition].|w(CaOODSP)9.931973
85640|qPDF|s704 KB|uhttps://publications.gc.ca/collections/Collection/T52-4-4-2004.pdf